[Event "Poronin Tatra Limba op-B"]
[Site "Poronin"]
[Date "2021.05.26"]
[Round "6.12"]
[White "Mytnik, Kinga"]
[Black "Kaszuba, Michal"]
[Result "1-0"]
[WhiteElo "1406"]
[BlackElo "1324"]
[PlyCount "131"]
[EventDate "2021.05.22"]
[EventType "swiss"]
[EventRounds "9"]
[EventCountry "POL"]
[SourceTitle "EXT 2022"]
[Source "ChessBase"]
[SourceDate "2021.10.06"]
[SourceVersion "1"]
[SourceVersionDate "2021.10.06"]
[SourceQuality "1"]

1. Nf3 c5 2. d3 Nc6 3. e4 d6 4. Be2 g6 5. Nbd2 Bg7 6. c3 Nf6 7. a4 e6 8. Nf1 d5 9. e5 Nd7 10. d4 Qa5 11. Bd2 cxd4 12. cxd4 Qb6 13. Bc3 Qc7 14. Ng3 a5 15. Rc1 Qb6 16. Bb5 Na7 17. Be2 Nc6 18. 0-0 Ndb8 19. Qd2 Na6 20. Bb5 Bd7 21. Qf4 Qd8 22. Bd2 h6 23. Ne2 Ncb4 24. Bxa6 bxa6 25. Bxb4 axb4 26. b3 Qe7 27. Rc7 0-0 28. Rfc1 Rfc8 29. Ne1 Qd8 30. R7c2 Rxc2 31. Rxc2 Rc8 32. Qd2 Bf8 33. Nd3 Rxc2 34. Qxc2 Qc8 35. Qxc8 Bxc8 36. Nc5 Bxc5 37. dxc5 Kf8 38. Nd4 Ke7 39. a5 Bb7 40. Kf1 Kd7 41. Ke2 Bc6 42. Ke3 Kc7 43. Nc2 Bb5 44. Nxb4 Bf1 45. g3 Bb5 46. Nc2 Kc6 47. b4 Bf1 48. Nd4+ Kc7 49. f4 Bc4 50. g4 Bf1 51. f5 Kd7 52. f6 Bh3 53. Kf4 Bf1 54. c6+ Kd8 55. Nxe6+ Kc8 56. Nd4 Bb5 57. e6 Kd8 58. exf7 Bxc6 59. Nxc6+ Kd7 60. f8Q Kxc6 61. Qc5+ Kb7 62. Qxd5+ Ka7 63. Qd7+ Kb8 64. f7 g5+ 65. Ke5 h5 66. f8R# 1-0

[Event "Poronin Tatra Limba op-B"]
[Site "Poronin"]
[Date "2021.05.25"]
[Round "4.19"]
[White "Mielcuch, Karol"]
[Black "Kaszuba, Michal"]
[Result "0-1"]
[WhiteElo "1235"]
[BlackElo "1324"]
[PlyCount "112"]
[EventDate "2021.05.22"]
[EventType "swiss"]
[EventRounds "9"]
[EventCountry "POL"]
[SourceTitle "EXT 2022"]
[Source "ChessBase"]
[SourceDate "2021.10.06"]
[SourceVersion "1"]
[SourceVersionDate "2021.10.06"]
[SourceQuality "1"]

1. c4 c6 2. g3 d5 3. Bg2 Nf6 4. Nc3 Bf5 5. b3 e6 6. d4 Bb4 7. Bb2 0-0 8. Nf3 Ne4 9. Rc1 Qa5 10. 0-0 Bxc3 11. Bxc3 Nxc3 12. Qe1 Nxe2+ 13. Qxe2 Bg4 14. cxd5 cxd5 15. h3 Bxf3 16. Bxf3 Nc6 17. Rfd1 Rac8 18. Qe3 Qb6 19. Qf4 Nxd4 20. Bh5 Rxc1 21. Rxc1 Nc6 22. Re1 Qb4 23. Qe3 Qd4 24. Qe2 Qf6 25. Qc2 Qf5 26. Qd1 Qf6 27. Bg4 Ne5 28. f4 Nxg4 29. Qxg4 Qd4+ 30. Kg2 Rc8 31. Rxe6 Rc2+ 32. Re2 Qe4+ 33. Kf2 Rxe2+ 34. Qxe2 Qxe2+ 35. Kxe2 f5 36. Ke3 Kf7 37. g4 g6 38. g5 Ke6 39. Kd4 Kd6 40. b4 a6 41. a4 a5 42. bxa5 Kc6 43. h4 Kd6 44. a6 bxa6 45. a5 Kc6 46. Ke5 Kc5 47. h5 d4 48. h6 d3 49. Kf6 d2 50. Kg7 d1Q 51. Kxh7 Qd8 52. Kxg6 Qf8 53. Kh7 Qf7+ 54. Kh8 Qg6 55. h7 Qf7 56. g6 Qf8# 0-1

[Event "POL-ch U10"]
[Site "Jastrzebia Gora"]
[Date "2021.??.??"]
[Round "1"]
[White "Chandryko, Wiktor"]
[Black "Kaszuba, Michal"]
[Result "0-1"]
[WhiteElo "1085"]
[BlackElo "1366"]
[PlyCount "114"]
[EventDate "2021.02.28"]
[EventType "swiss"]
[EventRounds "9"]
[EventCountry "POL"]
[SourceTitle "EXT 2022"]
[Source "ChessBase"]
[SourceDate "2021.10.06"]
[SourceVersion "1"]
[SourceVersionDate "2021.10.06"]
[SourceQuality "1"]

1. e4 c5 2. c3 Nf6 3. e5 Nd5 4. d4 cxd4 5. Nf3 Nc6 6. Bc4 e6 7. cxd4 Nb6 8. Bb3 d5 9. 0-0 Be7 10. Qd3 Nb4 11. Qe2 Bd7 12. a3 Nc6 13. Nc3 a6 14. Bc2 h6 15. Be3 Rc8 16. Nd2 Na5 17. Qg4 Bf8 18. f4 Nac4 19. Nxc4 Nxc4 20. Bc1 Qb6 21. f5 h5 22. Qg5 Qxd4+ 23. Kh1 Qg4 24. fxe6 Bxe6 25. Ba4+ b5 26. Bb3 Qxg5 27. Bxg5 Be7 28. Bxe7 Kxe7 29. Bxc4 dxc4 30. Rad1 Rhd8 31. Ne4 Rd3 32. g3 Bd5 33. Rde1 Rd4 34. Rf4 g5 35. Rff1 Rxe4 36. Rd1 Rd8 37. Kg1 Rxe5 38. Rd4 Ke6 39. Rfd1 f5 40. Kf2 Re4 41. Rxe4+ fxe4 42. Ke3 Rd7 43. h4 gxh4 44. gxh4 Rg7 45. Kd4 Kd6 46. Rd2 Rg3 47. Rd1 Rd3+ 48. Rxd3 exd3 49. Kc3 Ke5 50. Kd2 Bf3 51. b3 Kd4 52. a4 bxa4 53. bxa4 c3+ 54. Kc1 d2+ 55. Kb1 d1Q+ 56. Ka2 Qc2+ 57. Ka3 Qb2# 0-1

[Event "POL-ch U10"]
[Site "Jastrzebia Gora"]
[Date "2021.??.??"]
[Round "7"]
[White "Piechocki, Krystian"]
[Black "Kaszuba, Michal"]
[Result "0-1"]
[WhiteElo "1151"]
[BlackElo "1366"]
[PlyCount "74"]
[EventDate "2021.02.28"]
[EventType "swiss"]
[EventRounds "9"]
[EventCountry "POL"]
[SourceTitle "EXT 2022"]
[Source "ChessBase"]
[SourceDate "2021.10.06"]
[SourceVersion "1"]
[SourceVersionDate "2021.10.06"]
[SourceQuality "1"]

1. e4 c5 2. d3 Nc6 3. g3 g6 4. Bg2 Bg7 5. f4 d6 6. Nf3 Nf6 7. 0-0 Qb6 8. Na3 Be6 9. c3 c4+ 10. d4 Nxe4 11. Qe2 d5 12. Re1 Bf5 13. h3 Nxg3 14. Qf2 Ne4 15. Qh4 h6 16. Re2 Bf6 17. Qe1 e6 18. Nh4 a6 19. Bxe4 Bxe4 20. Nxc4 Qd8 21. Nd2 Bxh4 22. Qf1 Bd3 23. Rxe6+ fxe6 24. Qxd3 Qe7 25. Nf3 Bf6 26. Bd2 0-0-0 27. Kh2 g5 28. Re1 gxf4 29. Bxf4 Bg5 30. Be5 Nxe5 31. Nxe5 Bf4+ 32. Kh1 Bxe5 33. Rxe5 Qh7 34. Qe2 Rhe8 35. b3 Qg6 36. Qf2 Rg8 37. Kh2 Rdf8 0-1